000 00707nam a2200181Ia 4500
008 151018s9999 xx 000 0 und d
082 _bRBASDV55338
_a891.463
100 _aअनुराधा औरंगाबादकर
245 _aकल्पवृक्ष कन्येसाठी
250 _b1
260 _bसुयोग प्रकाशन पुणे
_c2010
300 _a182
600 _aअनुराधा औरंगाबादकर
630 _aकल्पवृक्ष कन्येसाठी
700 _aअनुराधा औरंगाबादकर
730 _aकल्पवृक्ष कन्येसाठी
942 _cBOOK
999 _c1051848
_d1051845